000 00390nam a22001697a 4500
005 20160528105213.0
008 160528b xxu||||| |||| 00| 0 eng d
020 _a81-317-0200-6
041 _aeng
082 _b5704
100 _aKotler, Keller and Jha
_91431
245 _aMarketing Management
260 _bPearsons
_c2007
300 _a621
650 _aManagement
_9241
942 _cBK
999 _c2026
_d2025